000 00906nam a2200241Ia 4500
999 _c36027
_d36027
001 1926
003 GE_BSU
005 20221011153611.0
008 181216s2007ru xx |||||||||||||| ||rus||
020 _a9785469011248
040 _cGE_BSU
041 _arus
080 _a342(075.8(1-87) Г-83
100 _aГригонис,Э.П.
_915241
245 _aКоституционное право зарубужных стран /
_cЭ.П. Григонис, В.П. Григонис.
264 _aМосква :
_bСПБ Питер,
_c2007.
300 _a208 с.
440 _aСерия ,,Краткий курс
_915242
653 _aКоституционное право зарубужных стран.
653 _aუცხო ქვეყნების კონსტიტუციური სამართალი
700 _aГригонис, В.П.
_915243
942 _cBK
_2udc